000 00452nam a2200145Ia 4500
008 170224s9999 xx 000 0 und d
100 _aMotoko Akiba
245 _aEffects of teacher professional learning activities on student achievement growth
245 _cMotoko Akiba & Guodong Liang
260 _bThe Journal of Educational Research
260 _c2016
300 _a109: Pages: 99-110
650 _xEducation
650 _xSpecial Education
999 _c315672
_d315672